Statistics for Biggest Country Names

Click here to take the quiz!

General Stats

  • This quiz has been taken 48 times
  • The average score is 18 of 24

Answer Stats

InitialLettersAnswer% Correct
Y5Yemen
97%
D25D. R. Congo
95%
O4Oman
95%
Q5Qatar
92%
Z8Zimbabwe
92%
H8Honduras
86%
A17Antigua and Barbuda
84%
I9Indonesia
84%
V9Venezuela
84%
J7Jamaica
81%
U21United States of America
81%
S28Saint Vincent and the Grenadines
78%
R7Romania
73%
P14Papua New Guinea
70%
F7Finland
68%
K10Kazakhstan
68%
C22Central African Republic
65%
E17Equatorial Guinea
65%
T17Trinidad and Tobago
57%
G12Guinea-Bissau
54%
L13Liechtenstein
54%
M15Marshall Islands
54%
N14North Macedonia
49%
B20Bosnia and Herzegovina
43%

Score Distribution

Percentile by Number Answered

Percent of People with Each Score

Your Score History

You have not taken this quiz